=LDR 00000nam 2200000 4500 =001 NUTBA000000000004290 =990 ##$$a 21409570 =990 ##$$a 21409569 =005 20140910110505.0 =990 ##$$a 21409567 =990 ##$$a 21409567 =006 =990 ##$$a 21409568 =990 ##$$a 21409568 =007 =990 ##$$a 21409569 =008 =020 ##$$a 979-526-1717-1 =035 ##$$a 0010-091400000000323 =040 ##$$a NBPDMAT =082 ##$$a 542.1 =084 ##$$a 542.1 Mul m =100 ##$$a Mulyono HAM =245 ##$$a Membuat Reagen Kimia & Laboratorium / $c oleh Mulyono HAM =250 ##$$a Cet.4 =260 ##$$a Jakarta : $b Bumi Aksara, $c 2011 =300 ##$$a xiii, 273 hlm. : $b ilus. ; $c23 cm. =500 ##$$a Bibliografi : hlm. 259 =650 ##$$a kimia-laboratorium =990 ##$$a 21409567 =990 ##$$a 0001/BPAP-NTB/20142014 =990 ##$$a 83158315